Value management : the value management benchmark : research results of an international benchmarking study. (Record no. 97457)

MARC details
000 -LEADER
fixed length control field 01312cam a2200349 4500
008 - FIXED-LENGTH DATA ELEMENTS--GENERAL INFORMATION
fixed length control field 090401t1998 xxu||||| |||| 00| 0 eng d
020 ## - INTERNATIONAL STANDARD BOOK NUMBER
International Standard Book Number 0727727303
035 ## - SYSTEM CONTROL NUMBER
System control number (Sirsi) u89379
041 ## - LANGUAGE CODE
Language code of text/sound track or separate title eng
050 ## - LIBRARY OF CONGRESS CALL NUMBER
Classification number 658.1552
100 ## - MAIN ENTRY--PERSONAL NAME
Personal name Male, Steven
245 ## - TITLE STATEMENT
Title Value management : the value management benchmark : research results of an international benchmarking study.
260 ## - PUBLICATION, DISTRIBUTION, ETC.
Place of publication, distribution, etc. London
Name of publisher, distributor, etc. Thomas Telford
Date of publication, distribution, etc. 1998
300 ## - PHYSICAL DESCRIPTION
Extent 70p. ; 30cm.
350 ## - PRICE (NR) (BK AM CF MU VM SE) [OBSOLETE]
Price 30
500 ## - GENERAL NOTE
General note CD-ROM version also available (L145146).
520 ## - SUMMARY, ETC.
Summary, etc. This document has been produced as part of a three year research programme, funded by the EPSRC Innovative Manufacturing Initiative, to benchmark value management practices from around the world. As well as detailing the methodologies used, this report also provides an insight on the origins of value management and future developments.
650 ## - SUBJECT ADDED ENTRY--TOPICAL TERM
Topical term or geographic name entry element BENCHMARKING
650 ## - SUBJECT ADDED ENTRY--TOPICAL TERM
Topical term or geographic name entry element EPSRC
650 ## - SUBJECT ADDED ENTRY--TOPICAL TERM
Topical term or geographic name entry element MANAGEMENT-PROJECT MANAGEMENT
650 ## - SUBJECT ADDED ENTRY--TOPICAL TERM
Topical term or geographic name entry element VALUE MANAGEMENT
650 ## - SUBJECT ADDED ENTRY--TOPICAL TERM
Topical term or geographic name entry element CD-ROM
690 ## - LOCAL SUBJECT ADDED ENTRY--TOPICAL TERM (OCLC, RLIN)
Topical term or geographic name as entry element Project management
9 (RLIN) 6261
700 ## - ADDED ENTRY--PERSONAL NAME
Personal name Kelly, John
700 ## - ADDED ENTRY--PERSONAL NAME
Personal name Fernie, Scott
700 ## - ADDED ENTRY--PERSONAL NAME
Personal name Gronqvist, Marcus
700 ## - ADDED ENTRY--PERSONAL NAME
Personal name Bowles, Graeme
710 ## - ADDED ENTRY--CORPORATE NAME
Corporate name or jurisdiction name as entry element Heriot-Watt University
710 ## - ADDED ENTRY--CORPORATE NAME
Corporate name or jurisdiction name as entry element University of Leeds
9 (RLIN) 3699
942 ## - ADDED ENTRY ELEMENTS (KOHA)
Suppress in OPAC 0
948 ## - LOCAL PROCESSING INFORMATION (OCLC); SERIES PART DESIGNATOR (RLIN)
c (OCLC) 29/10/1998
Holdings
Withdrawn status Lost status Source of classification or shelving scheme Damaged status Not for loan Home library Current library Shelving location Date acquired Cost, normal purchase price Total Checkouts Full call number Barcode Date last seen Date last checked out Copy number Cost, replacement price Price effective from Koha item type
    Dewey Decimal Classification     London London Folio 08/12/1998 30.00 21 F658.1552 30057269 06/08/2019 06/01/2009 1 30.00 06/08/2019 Book